[Event "Quebec-ch Senior"]
[Site "Montreal CAN"]
[Date "2014.02.08"]
[Round "2"]
[White "Lafleche, Alain"]
[Black "Langlois, Jean-Marie"]
[Result "1/2-1/2"]
[WhiteElo "1793"]
[BlackElo "1374"]
[PlyCount "82"]
[EventDate "2014.02.07"]
[EventType "swiss"]
[EventRounds "5"]
[EventCountry "CAN"]

1. e4 c5 2. Nf3 Nf6 3. Nc3 Nc6 4. d4 cxd4 5. Nxd4 a6 6. f3 e6 7. Be3 d6 8. Qd2
Be7 9. O-O-O Qc7 10. g4 b5 11. h4 Bb7 12. h5 h6 13. Nb3 Ne5 14. Qf2 Nc4 15.
Bxc4 bxc4 16. Bb6 Qc8 17. Na5 d5 18. e5 Nd7 19. Rhe1 Bb4 20. f4 O-O 21. g5 hxg5
22. fxg5 Be7 23. Qg1 Nxb6 24. Qxb6 Bxg5+ 25. Kb1 Bd8 26. Qxb7 Bxa5 27. Qe7 Bxc3
28. bxc3 Qd8 29. Qc5 Qg5 30. Qd4 Rfb8+ 31. Ka1 Qe7 32. Rb1 Qa3 33. Rxb8+ Rxb8
34. Rb1 Rb5 35. Qe3 Ra5 36. Rb2 Rb5 37. Rxb5 axb5 38. Qg5 Qxc3+ 39. Kb1 b4 40.
h6 Qe1+ 41. Kb2 Qc3+ 1/2-1/2

[Event "Quebec-ch Senior"]
[Site "Montreal CAN"]
[Date "2014.02.08"]
[Round "2"]
[White "Lessard, Sylvain"]
[Black "Prahov, Valentin"]
[Result "0-1"]
[WhiteElo "1670"]
[BlackElo "2237"]
[PlyCount "88"]
[EventDate "2014.02.07"]
[EventType "swiss"]
[EventRounds "5"]
[EventCountry "CAN"]

1. c4 Nf6 2. Nc3 d5 3. cxd5 Nxd5 4. Nf3 g6 5. g3 Bg7 6. Bg2 O-O 7. O-O c5 8.
Qb3 Nb6 9. d3 Nc6 10. Rb1 Be6 11. Qa3 c4 12. Rd1 cxd3 13. Rxd3 Qc8 14. Ng5 Bf5
15. e4 Bg4 16. Qc5 Ne5 17. Qxc8 Raxc8 18. Re3 Nbc4 19. Re1 h6 20. h3 Bd7 21.
Nf3 Nxf3+ 22. Bxf3 Bxh3 23. Nd5 Rfe8 24. b3 Ne5 25. Be2 Bg4 26. Ne3 Nf3+ 27.
Bxf3 Bxf3 28. Nc4 b5 29. Nd2 Bg4 30. Nf1 Bc3 31. Re3 Red8 32. Rxc3 Rxc3 33.
Bxh6 Rcd3 34. Ne3 Bf3 35. e5 f6 36. exf6 exf6 37. g4 g5 38. Rc1 R3d7 39. Kh2
Rh7 40. Kg3 Be4 41. Bxg5 fxg5 42. Rc5 Rg7 43. Rxb5 Rf8 44. Ra5 Rf3+ 0-1

[Event "Quebec-ch Senior"]
[Site "Montreal CAN"]
[Date "2014.02.08"]
[Round "2"]
[White "Miron, Gilles"]
[Black "Grandmaison, Real"]
[Result "0-1"]
[WhiteElo "1399"]
[BlackElo "1186"]
[PlyCount "116"]
[EventDate "2014.02.07"]
[EventType "swiss"]
[EventRounds "5"]
[EventCountry "CAN"]

1. e4 e6 2. d4 Be7 3. Nf3 Nf6 4. Bd3 O-O 5. O-O d5 6. e5 Ne8 7. Nc3 c5 8. Ne2
c4 9. Bxh7+ Kxh7 10. c3 f5 11. exf6 Bxf6 12. Qc2+ g6 13. Qd2 Bg7 14. Qc2 Bh6
15. Ne5 Rf6 16. Bxh6 Kxh6 17. Ng4+ Kg7 18. Nxf6 Qxf6 19. Rae1 Nc6 20. Ng3 Nd6
21. Qc1 Bd7 22. Re3 Nf5 23. Rf3 Rh8 24. Ne2 Qh4 25. h3 Nce7 26. b3 b5 27. bxc4
bxc4 28. Qa3 Nc6 29. Rb1 Qe4 30. Re1 e5 31. Qc1 Qh4 32. Qa3 e4 33. Rf4 Qg5 34.
Rg4 Qe7 35. Qc1 Rh6 36. Nf4 Qd6 37. Qd1 Nd8 38. Ne2 Nh4 39. Rg3 Ne6 40. Qd2 Nf5
41. Rg4 Kh7 42. Ng3 Nxg3 43. Rxg3 Qf4 44. Qb2 Qc7 45. Qb4 Bc6 46. Ree3 a5 47.
Qa3 a4 48. Re1 Nf4 49. Ree3 Qf7 50. f3 Nd3 51. Re2 Rh5 52. Qd6 Bb7 53. fxe4
dxe4 54. Rf3 exf3 55. Re7 f2+ 56. Kf1 Bxg2+ 57. Kxg2 f1=Q+ 58. Kg3 Qxh3# 0-1

[Event "Quebec-ch Senior"]
[Site "Montreal CAN"]
[Date "2014.02.08"]
[Round "2"]
[White "Ouimet, Alain"]
[Black "Blondin, Bernard"]
[Result "1-0"]
[WhiteElo "1297"]
[BlackElo "865"]
[PlyCount "55"]
[EventDate "2014.02.07"]
[EventType "swiss"]
[EventRounds "5"]
[EventCountry "CAN"]

1. d4 Nf6 2. c4 e6 3. Nf3 d5 4. Nc3 c6 5. e3 Bb4 6. Qc2 O-O 7. Be2 dxc4 8. Bxc4
b6 9. a3 Bd6 10. e4 Be7 11. O-O Bb7 12. Rd1 b5 13. Ba2 a5 14. Bb1 g6 15. Bg5
Ng4 16. Bf4 Nf6 17. Ba2 Qb6 18. Bg5 Qc7 19. Nxb5 Qd7 20. Ne5 Qc8 21. Nc3 Rd8
22. Rd3 Kh8 23. Rh3 Nbd7 24. Nxf7+ Kg8 25. Nxd8 Qxd8 26. Bxe6+ Kh8 27. e5 Ne8
28. Qxg6 1-0

[Event "Quebec-ch Senior"]
[Site "Montreal CAN"]
[Date "2014.02.08"]
[Round "2"]
[White "Perreault, Marc"]
[Black "Pietka, Krystyn"]
[Result "1-0"]
[WhiteElo "1512"]
[BlackElo "1187"]
[PlyCount "63"]
[EventDate "2014.02.07"]
[EventType "swiss"]
[EventRounds "5"]
[EventCountry "CAN"]

1. d4 Nf6 2. Nc3 e6 3. e4 Bb4 4. e5 Ne4 5. Qg4 Nxc3 6. a3 Nd5+ 7. axb4 Rg8 8.
c4 Ne7 9. Bd3 Ng6 10. Bg5 f6 11. Bd2 f5 12. Qh5 Qh4 13. Qxh4 Nxh4 14. g3 Ng6
15. f4 b6 16. Ne2 Bb7 17. O-O a6 18. b5 Kf7 19. Nc3 Ne7 20. d5 exd5 21. cxd5 g6
22. d6 cxd6 23. exd6 Nd5 24. Bc4 Ke6 25. bxa6 Nxa6 26. Nxd5 Bxd5 27. Bxa6 Kxd6
28. Bb4+ Ke6 29. Rfe1+ Kf7 30. Re7+ Kf6 31. Rxd7 Be6 32. Bc3# 1-0

[Event "Quebec-ch Senior"]
[Site "Montreal CAN"]
[Date "2014.02.08"]
[Round "2"]
[White "Roy, Vital"]
[Black "Labadie, Bernard"]
[Result "1-0"]
[WhiteElo "1041"]
[BlackElo "1337"]
[PlyCount "91"]
[EventDate "2014.02.07"]
[EventType "swiss"]
[EventRounds "5"]
[EventCountry "CAN"]

1. c4 c5 2. Nc3 Nc6 3. g3 Nf6 4. Bg2 e6 5. e4 d6 6. Nh3 Be7 7. O-O O-O 8. Nf4
Bd7 9. d3 Rb8 10. Be3 a6 11. a4 Qb6 12. b3 Ne8 13. Rb1 Nb4 14. d4 cxd4 15. Bxd4
Qa5 16. Be3 Bf6 17. Nfe2 Nc6 18. Bd2 Qc7 19. Be3 Be7 20. Qc1 Nf6 21. Rd1 Ng4
22. Bf4 Nce5 23. h3 Nf6 24. Bxe5 dxe5 25. Rd3 Bc6 26. b4 Rfd8 27. Rxd8+ Rxd8
28. b5 Be8 29. Nd1 Bc5 30. Ne3 Qa5 31. Nc3 Nd7 32. Qc2 Bd4 33. Ned1 Nb6 34.
bxa6 bxa6 35. Bf1 Rc8 36. Kg2 f5 37. Bd3 fxe4 38. Bxe4 h6 39. Bd3 Nxc4 40. Bxc4
Rxc4 41. Rb8 Kf7 42. Qe2 Bc6+ 43. Kh2 g6 44. Qxc4 Bd7 45. Rb7 Ke7 46. Ne4 1-0

[Event "Quebec-ch Senior"]
[Site "Montreal CAN"]
[Date "2014.02.08"]
[Round "2"]
[White "Savaria, Georges-Patrick"]
[Black "Dubois, Lorraine"]
[Result "1-0"]
[WhiteElo "1396"]
[BlackElo "1060"]
[PlyCount "99"]
[EventDate "2014.02.07"]
[EventType "swiss"]
[EventRounds "5"]
[EventCountry "CAN"]

1. e4 d5 2. exd5 Nf6 3. c4 e6 4. d4 exd5 5. c5 Nc6 6. Bb5 Bd7 7. Nf3 Qe7+ 8.
Qe2 O-O-O 9. O-O Qxe2 10. Bxe2 Re8 11. Bb5 a6 12. Bxc6 Bxc6 13. Ne5 Bb5 14. Re1
Nd7 15. Bf4 f6 16. Nf3 Rxe1+ 17. Nxe1 g5 18. Be3 h6 19. Nc3 Bc6 20. f4 g4 21.
Nd3 a5 22. b4 b6 23. b5 Ba8 24. c6 Nb8 25. Nxd5 f5 26. Ne5 Rh7 27. Bf2 Bd6 28.
Re1 h5 29. Bh4 a4 30. Ng6 Nxc6 31. bxc6 Bxc6 32. Nde7+ Kb7 33. Nxf5 Bb4 34. Re3
Bd7 35. Nfe7 c5 36. d5 c4 37. Re4 b5 38. Bf6 Ba5 39. Bb2 c3 40. Bc1 Kb6 41. Nf8
Rh6 42. Nxd7+ Kc7 43. Ne5 b4 44. Nd3 Rb6 45. Nc6 b3 46. axb3 axb3 47. Nxa5 c2
48. Bb2 Kd6 49. Nc4+ Kxd5 50. Rd4+ 1-0

[Event "Quebec-ch Senior"]
[Site "Montreal CAN"]
[Date "2014.02.08"]
[Round "2"]
[White "Senecal, Jean-Pierre"]
[Black "Blais, Georges"]
[Result "0-1"]
[WhiteElo "1253"]
[BlackElo "1479"]
[PlyCount "100"]
[EventDate "2014.02.07"]
[EventType "swiss"]
[EventRounds "5"]
[EventCountry "CAN"]

1. e4 c5 2. c3 Nf6 3. Qc2 Nc6 4. Nf3 d6 5. Bb5 Qb6 6. a4 a6 7. Bc4 Na5 8. Na3
Nxc4 9. Nxc4 Qc6 10. d3 Be6 11. Ne3 h6 12. h3 Rc8 13. O-O g5 14. Qe2 c4 15. Nd4
Qd7 16. dxc4 Nxe4 17. Nd5 Bxd5 18. cxd5 Nf6 19. Qf3 g4 20. hxg4 Nxg4 21. Re1
Ne5 22. Qf5 Qxf5 23. Nxf5 Kd7 24. Be3 Rg8 25. Kf1 Rg6 26. Bd4 Nd3 27. Re2 Nf4
28. Nh4 Rg4 29. g3 Nxe2 30. Kxe2 Rg5 31. Kf3 Rxd5 32. Ke4 e6 33. f4 f5+ 34. Kf3
Be7 35. Ng6 Rg8 36. Nxe7 Kxe7 37. Re1 b5 38. axb5 axb5 39. b4 Rg6 40. Re3 h5
41. Kg2 h4 42. Kh3 hxg3 43. Rxg3 Rxg3+ 44. Kxg3 e5 45. fxe5 dxe5 46. Bc5+ Ke6
47. Kf3 Rd3+ 48. Ke2 Rxc3 49. Be3 Kd5 50. Bd2 Kc4 0-1

[Event "Quebec-ch Senior"]
[Site "Montreal CAN"]
[Date "2014.02.08"]
[Round "3"]
[White "Blais, Georges"]
[Black "Gervais, Marcel"]
[Result "1-0"]
[WhiteElo "1479"]
[BlackElo "1274"]
[PlyCount "77"]
[EventDate "2014.02.07"]
[EventType "swiss"]
[EventRounds "5"]
[EventCountry "CAN"]

1. d4 d5 2. Nf3 Nc6 3. e3 Bg4 4. c3 e5 5. h3 Bxf3 6. Qxf3 e4 7. Qd1 Nf6 8. a3
a5 9. c4 b6 10. Nc3 Ne7 11. Qc2 c6 12. cxd5 cxd5 13. Bb5+ Nd7 14. Ba4 Rc8 15.
Nb5 Nc6 16. Qb3 Ndb8 17. Bd2 Be7 18. Na7 Rc7 19. Nxc6 Nxc6 20. Qxb6 Qd7 21. Rc1
O-O 22. Rxc6 Rfc8 23. Rxc7 Qxc7 24. Qxc7 Rxc7 25. Ke2 Rb7 26. Bc3 Rc7 27. Kd2
g6 28. Bxa5 Ra7 29. b4 f5 30. Bc6 Ra6 31. Bxd5+ Kg7 32. Rc1 f4 33. Rc7 Kf8 34.
Bxe4 fxe3+ 35. fxe3 Rf6 36. Bf3 Rd6 37. Rc8+ Kf7 38. Bc7 Rd7 39. Bc6 1-0

[Event "Quebec-ch Senior"]
[Site "Montreal CAN"]
[Date "2014.02.08"]
[Round "3"]
[White "Bureau, Robert"]
[Black "Brunet, Guy"]
[Result "1/2-1/2"]
[WhiteElo "1383"]
[BlackElo "1584"]
[PlyCount "98"]
[EventDate "2014.02.07"]
[EventType "swiss"]
[EventRounds "5"]
[EventCountry "CAN"]

1. e4 d5 2. exd5 Qxd5 3. Nc3 Qd8 4. d4 Nf6 5. Nf3 Bg4 6. Be3 Nbd7 7. Be2 e6 8.
h3 Bxf3 9. Bxf3 c6 10. O-O Bd6 11. Re1 O-O 12. Bg5 Qa5 13. Bd2 Qc7 14. Ne4 Nxe4
15. Rxe4 Nf6 16. Re2 Rfe8 17. Bc3 Nd5 18. Bxd5 cxd5 19. Qd3 Rac8 20. a3 a6 21.
Be1 b5 22. c3 Qc4 23. Qxc4 bxc4 24. g3 Re7 25. Rc1 h6 26. Rcc2 Rce8 27. Kf1 e5
28. dxe5 Rxe5 29. Rxe5 Rxe5 30. Re2 f6 31. f4 Rxe2 32. Kxe2 f5 33. Bf2 Kf7 34.
Kf3 Ke6 35. Bd4 g6 36. h4 Bf8 37. a4 Kd6 38. Ke3 Kc6 39. Kd2 Bc5 40. Kc2 Bxd4
41. cxd4 Kb6 42. Kc3 Ka5 43. b3 cxb3 44. Kxb3 Kb6 45. Kb4 a5+ 46. Kc3 Kc6 47.
Kd3 Kd6 48. Ke3 Ke6 49. Kf3 h5 1/2-1/2

[Event "Quebec-ch Senior"]
[Site "Montreal CAN"]
[Date "2014.02.08"]
[Round "3"]
[White "Dorion, Francois"]
[Black "Ouimet, Alain"]
[Result "1-0"]
[WhiteElo "1670"]
[BlackElo "1297"]
[PlyCount "81"]
[EventDate "2014.02.07"]
[EventType "swiss"]
[EventRounds "5"]
[EventCountry "CAN"]

1. e4 d6 2. d4 Nf6 3. Nc3 c6 4. g3 g6 5. Bg2 Bg7 6. Nge2 Nbd7 7. O-O O-O 8. f4
e5 9. dxe5 dxe5 10. f5 Qb6+ 11. Kh1 Ng4 12. Qe1 gxf5 13. Rxf5 Ndf6 14. Rf3 Kh8
15. h3 Nh6 16. Bxh6 Nh5 17. Bxg7+ Nxg7 18. b3 Qc7 19. g4 Qe7 20. Ng3 Qg5 21.
Nf5 Bxf5 22. gxf5 Nh5 23. Ne2 Rg8 24. Qf2 Rad8 25. Rd3 Rxd3 26. cxd3 Qd2 27.
Bf3 Nf4 28. Kh2 f6 29. Rf1 Nxd3 30. Qh4 Rg5 31. Rg1 Kg7 32. Rxg5+ fxg5 33. f6+
Kxf6 34. Qxh7 Qe3 35. Qf5+ Ke7 36. Bg4 Kd6 37. Qd7+ Kc5 38. b4+ Kb6 39. Qd8+
Kb5 40. Qa5+ Kc4 41. Be6# 1-0

[Event "Quebec-ch Senior"]
[Site "Montreal CAN"]
[Date "2014.02.08"]
[Round "3"]
[White "Dubois, Lorraine"]
[Black "Miron, Gilles"]
[Result "0-1"]
[WhiteElo "1060"]
[BlackElo "1399"]
[PlyCount "48"]
[EventDate "2014.02.07"]
[EventType "swiss"]
[EventRounds "5"]
[EventCountry "CAN"]

1. d4 d5 2. c4 e6 3. Nc3 Nf6 4. cxd5 exd5 5. Bg5 c6 6. e4 Be7 7. Bd3 dxe4 8.
Nxe4 Nxe4 9. Bxe7 Qxe7 10. Qe2 Qb4+ 11. Kf1 Qxd4 12. Qxe4+ Qxe4 13. Bxe4 O-O
14. Nf3 h6 15. Rd1 Be6 16. a3 Nd7 17. g3 Bh3+ 18. Ke2 Nf6 19. Ng1 Be6 20. Bc2
Bc4+ 21. Kd2 Ng4 22. Ke1 Rfe8+ 23. Ne2 Bxe2 24. Rd2 Bf3+ 0-1

[Event "Quebec-ch Senior"]
[Site "Montreal CAN"]
[Date "2014.02.08"]
[Round "3"]
[White "Grandmaison, Real"]
[Black "Bedard, Michel"]
[Result "0-1"]
[WhiteElo "1186"]
[BlackElo "1548"]
[PlyCount "136"]
[EventDate "2014.02.07"]
[EventType "swiss"]
[EventRounds "5"]
[EventCountry "CAN"]

1. d4 d5 2. Nf3 Nf6 3. e3 Bg4 4. Be2 e6 5. Nc3 a6 6. Bd2 Nbd7 7. O-O Bd6 8. h3
Bf5 9. g4 Bg6 10. Bd3 Ne4 11. Bxe4 dxe4 12. Nh2 h5 13. f4 hxg4 14. Qxg4 Nf6 15.
Qg2 Bf5 16. Ng4 Qe7 17. Kf2 Nxg4+ 18. hxg4 Qh4+ 19. Qg3 Qh2+ 20. Qxh2 Rxh2+ 21.
Kg3 Rxd2 22. gxf5 exf5 23. Rf2 Rxf2 24. Kxf2 O-O-O 25. Rh1 Be7 26. Rh7 Bf6 27.
Rh1 c6 28. Na4 Kc7 29. c4 b5 30. cxb5 axb5 31. Nc3 Ra8 32. a3 Kb6 33. Rc1 Rh8
34. b4 Rh2+ 35. Kg3 Rd2 36. a4 Rd3 37. a5+ Kb7 38. Kf2 Rd2+ 39. Ke1 Rb2 40. d5
Bxc3+ 41. Rxc3 cxd5 42. Rc5 Rxb4 43. Rxd5 g6 44. Rd7+ Ka6 45. Rxf7 Kxa5 46. Rg7
Rc4 47. Rxg6 Rc5 48. Re6 Kb4 49. Re5 Rxe5 50. fxe5 Kc5 51. Kd2 Kd5 52. Kc3 Kxe5
53. Kb4 f4 54. exf4+ Kxf4 55. Kxb5 Kf3 56. Kc4 e3 57. Kd3 Kf2 58. Kd4 e2 59.
Kd3 e1=Q 60. Kd4 Kf3 61. Kd5 Kf4 62. Kd6 Kf5 63. Kd7 Kf6 64. Kd8 Qe7+ 65. Kc8
Ke6 66. Kb8 Kd6 67. Ka8 Kc6 68. Kb8 Qb7# 0-1

[Event "Quebec-ch Senior"]
[Site "Montreal CAN"]
[Date "2014.02.08"]
[Round "3"]
[White "Hebert, Pierre"]
[Black "Roy, Vital"]
[Result "0-1"]
[WhiteElo "1622"]
[BlackElo "1041"]
[PlyCount "100"]
[EventDate "2014.02.07"]
[EventType "swiss"]
[EventRounds "5"]
[EventCountry "CAN"]

1. d4 Nf6 2. c4 d5 3. Nc3 e6 4. Bg5 h6 5. Bh4 c6 6. e3 Bb4 7. Bd3 g5 8. Bg3 Ne4
9. Nge2 Nd7 10. Qc2 f5 11. a3 Ba5 12. b4 Bb6 13. Bxe4 fxe4 14. Na4 Nf6 15. O-O
O-O 16. b5 Bd7 17. c5 Bc7 18. b6 Bxg3 19. hxg3 a6 20. Nac3 Qe8 21. f3 Qg6 22.
Nd1 Rae8 23. Nf2 e5 24. fxe4 dxe4 25. Nc3 Nd5 26. Nxd5 cxd5 27. Qb2 Bb5 28.
Rfc1 Bc6 29. dxe5 Qe6 30. Rd1 Re7 31. Rd2 Ref7 32. Rad1 Rf5 33. Nh3 R8f7 34.
Rf2 Rxf2 35. Nxf2 g4 36. Rf1 Bb5 37. Rc1 h5 38. Rc2 h4 39. gxh4 g3 40. c6 Bxc6
41. Nh3 Qf5 42. Nf4 Qg4 43. Rc1 Qxh4 44. Rxc6 bxc6 45. Nh3 Qg4 46. Qb1 Rb7 47.
Nf4 Rxb6 48. Qc2 Qh4 49. e6 Qh2+ 50. Kf1 Qh1+ 0-1

[Event "Quebec-ch Senior"]
[Site "Montreal CAN"]
[Date "2014.02.08"]
[Round "3"]
[White "Labadie, Bernard"]
[Black "Blondin, Bernard"]
[Result "1-0"]
[WhiteElo "1337"]
[BlackElo "865"]
[PlyCount "115"]
[EventDate "2014.02.07"]
[EventType "swiss"]
[EventRounds "5"]
[EventCountry "CAN"]

1. Nf3 d5 2. d4 Nf6 3. Bg5 e6 4. e3 Be7 5. c4 c6 6. Nc3 h6 7. Bh4 Nh7 8. Bxe7
Qxe7 9. Qc2 Nd7 10. Bd3 Ndf6 11. O-O dxc4 12. Bxc4 Bd7 13. Ne5 O-O 14. Nxd7
Nxd7 15. Bd3 Ndf6 16. f4 g6 17. Rf3 Rfd8 18. Raf1 Nd5 19. a3 f5 20. Ne2 Nf8 21.
e4 Nf6 22. exf5 exf5 23. Rh3 Kg7 24. Rff3 Ne6 25. Bxf5 Nxd4 26. Nxd4 Rxd4 27.
Re3 Qf8 28. Rhg3 Ne4 29. Bxe4 Qxf4 30. Rgf3 Qd6 31. Rd3 c5 32. Rg3 Re8 33. Rxd4
Qxd4+ 34. Kf1 Rxe4 35. Rf3 Qe5 36. Qd2 Rd4 37. Qc2 b6 38. Rf2 Qxh2 39. Qc3 Qe5
40. Re2 Qf4+ 41. Rf2 Qd6 42. g3 h5 43. Qf3 Qd7 44. Qf8+ Kh7 45. Rf7+ Qxf7+ 46.
Qxf7+ Kh6 47. Qxa7 Rd2 48. Qxb6 Rc2 49. Qf6 c4 50. Qf4+ Kg7 51. Qe5+ Kh7 52. a4
Kh6 53. a5 Rh2 54. Kg1 Rc2 55. a6 Rc1+ 56. Kf2 Ra1 57. Qf4+ Kg7 58. Qxc4 1-0

[Event "Quebec-ch Senior"]
[Site "Montreal CAN"]
[Date "2014.02.08"]
[Round "3"]
[White "Langlois, Jean-Marie"]
[Black "Nakashima, Richard"]
[Result "1-0"]
[WhiteElo "1374"]
[BlackElo "933"]
[PlyCount "65"]
[EventDate "2014.02.07"]
[EventType "swiss"]
[EventRounds "5"]
[EventCountry "CAN"]

1. d4 Nf6 2. c4 g6 3. Nf3 Bg7 4. Nc3 d6 5. e4 Nc6 6. Be2 O-O 7. O-O e5 8. Be3
exd4 9. Nxd4 Re8 10. Nxc6 bxc6 11. f3 a5 12. Rb1 c5 13. Bg5 Be6 14. Nb5 a4 15.
a3 h6 16. Bh4 Re7 17. Nc3 g5 18. Bf2 Nh5 19. Re1 Be5 20. Nxa4 c6 21. Qc2 Rb7
22. Red1 Qf6 23. b3 Nf4 24. Bf1 Bd7 25. Kh1 Ne6 26. Be2 Nd4 27. Bxd4 Bxd4 28.
Rf1 Qg6 29. Bd3 Be5 30. b4 Bd4 31. e5 Qh5 32. exd6 Be5 33. g4 1-0

[Event "Quebec-ch Senior"]
[Site "Montreal CAN"]
[Date "2014.02.08"]
[Round "3"]
[White "Lauzon, Francois"]
[Black "Grenier, Jean-Luc"]
[Result "0-1"]
[WhiteElo "1329"]
[BlackElo "1721"]
[PlyCount "96"]
[EventDate "2014.02.07"]
[EventType "swiss"]
[EventRounds "5"]
[EventCountry "CAN"]

1. e4 c5 2. Nf3 d6 3. d4 cxd4 4. Nxd4 Nf6 5. Nc3 a6 6. Bd3 Nc6 7. Nxc6 bxc6 8.
O-O g6 9. Bg5 Bg7 10. f3 Qb6+ 11. Kh1 Qxb2 12. Na4 Qe5 13. Qd2 O-O 14. Rab1 Qd4
15. Nb6 Rb8 16. Be3 Qe5 17. Nxc8 Rfxc8 18. Bxa6 Rxb1 19. Rxb1 Ra8 20. Bb7 Rxa2
21. Bd4 Nxe4 22. fxe4 Qxd4 23. Qxd4 Bxd4 24. c4 c5 25. h3 Rc2 26. Ba6 Re2 27.
Bb7 Rb2 28. Rxb2 Bxb2 29. g4 g5 30. Kg2 Kg7 31. Bc8 Bc1 32. Kf3 Kf6 33. Bf5 e6
34. e5+ Kxe5 35. Bd3 h6 36. Ke2 Kd4 37. Bh7 Kxc4 38. Bg8 Kd4 39. Bxf7 e5 40.
Kd1 Bf4 41. Ke2 c4 42. Bg6 e4 43. Bf7 d5 44. Be8 c3 45. Ba4 Ke5 46. Bc2 d4 47.
Bb3 d3+ 48. Kf2 c2 0-1

[Event "Quebec-ch Senior"]
[Site "Montreal CAN"]
[Date "2014.02.08"]
[Round "3"]
[White "Lebeau, Gilbert"]
[Black "Perreault, Marc"]
[Result "1-0"]
[WhiteElo "2065"]
[BlackElo "1512"]
[PlyCount "23"]
[EventDate "2014.02.07"]
[EventType "swiss"]
[EventRounds "5"]
[EventCountry "CAN"]

1. d4 Nf6 2. c4 e5 3. dxe5 Ng4 4. e3 h5 5. Be2 Nc6 6. Bxg4 hxg4 7. Qxg4 g6 8.
Qe2 d6 9. exd6 cxd6 10. Nc3 Be6 11. Nf3 Bg4 12. Bd2 1-0

[Event "Quebec-ch Senior"]
[Site "Montreal CAN"]
[Date "2014.02.08"]
[Round "3"]
[White "Lemieux, Serge"]
[Black "Savaria, Georges-Patrick"]
[Result "1/2-1/2"]
[WhiteElo "1584"]
[BlackElo "1396"]
[PlyCount "64"]
[EventDate "2014.02.07"]
[EventType "swiss"]
[EventRounds "5"]
[EventCountry "CAN"]

1. d4 e6 2. e4 d5 3. Nd2 Nc6 4. Bb5 Bd7 5. Ngf3 Nge7 6. O-O a6 7. Bxc6 Nxc6 8.
exd5 exd5 9. Nb3 Be7 10. Nc5 b6 11. Nxd7 Qxd7 12. Ne5 Nxe5 13. dxe5 O-O 14. Be3
Rad8 15. c3 c5 16. Bd2 b5 17. Qc2 f5 18. f4 d4 19. Rad1 d3 20. Qc1 c4 21. Be3
Qe6 22. Rf3 Rd5 23. Rd2 Bc5 24. Qe1 g5 25. Qg3 g4 26. Bxc5 Rxc5 27. Re3 Rd5 28.
Qf2 Rf7 29. g3 Rg7 30. Qg2 h5 31. Qf2 Re7 32. Qg2 Qc6 1/2-1/2

[Event "Quebec-ch Senior"]
[Site "Montreal CAN"]
[Date "2014.02.08"]
[Round "3"]
[White "Milosz, Jerzy"]
[Black "Boudreau, Daniel"]
[Result "0-1"]
[WhiteElo "1539"]
[BlackElo "2026"]
[PlyCount "150"]
[EventDate "2014.02.07"]
[EventType "swiss"]
[EventRounds "5"]
[EventCountry "CAN"]

1. e4 c5 2. Nf3 e6 3. d4 cxd4 4. Nxd4 Nc6 5. Be3 Qc7 6. Nc3 a6 7. a3 Nf6 8.
Nxc6 bxc6 9. Bd3 d5 10. exd5 cxd5 11. O-O Bd6 12. h3 O-O 13. f4 Bb7 14. Bd4 Bc5
15. Bf2 Rfd8 16. Na4 Bxf2+ 17. Rxf2 d4 18. b4 Ne4 19. Bxe4 Bxe4 20. Nc5 Bg6 21.
Qd2 a5 22. c3 Qb6 23. Rc1 axb4 24. axb4 Rab8 25. cxd4 Qxb4 26. Qxb4 Rxb4 27.
Rd2 Kf8 28. Kf2 Rbxd4 29. Rxd4 Rxd4 30. Ke3 Rd5 31. Nb7 Rd3+ 32. Ke2 Rd4 33.
Ke3 Re4+ 34. Kf3 Ra4 35. Nc5 Ra3+ 36. Kf2 Ke7 37. Re1 Kd6 38. Ne4+ Kd5 39. Ng3
h5 40. Rd1+ Kc4 41. Nf1 Ra2+ 42. Rd2 Ra3 43. Ne3+ Kc3 44. Ke1 Ra4 45. Nd1+ Kb3
46. g3 h4 47. Kf2 Re4 48. Rb2+ Kc4 49. Ra2 hxg3+ 50. Kxg3 Re1 51. Nf2 Re3+ 52.
Kg2 Kd4 53. Ra4+ Kd5 54. Ra5+ Kc4 55. Ra4+ Kb3 56. Rd4 Kc3 57. Rd6 Re1 58. Rd8
Kc4 59. Rd6 Kc5 60. Nd3+ Bxd3 61. Rxd3 Kc6 62. Rd2 Kc7 63. Kf2 Ra1 64. Kg2 Ra5
65. Kg3 Rd5 66. Re2 Kd6 67. h4 Ke7 68. Kg4 Kf6 69. h5 Ra5 70. Re3 g5 71. hxg6
Kxg6 72. Rg3 Kf6 73. Re3 Rb5 74. Re2 Kg6 75. Rg2 Rb8 0-1

[Event "Quebec-ch Senior"]
[Site "Montreal CAN"]
[Date "2014.02.08"]
[Round "3"]
[White "Nakhamtchin, Roman"]
[Black "Lessard, Sylvain"]
[Result "1-0"]
[WhiteElo "1399"]
[BlackElo "1670"]
[PlyCount "61"]
[EventDate "2014.02.07"]
[EventType "swiss"]
[EventRounds "5"]
[EventCountry "CAN"]

1. d4 Nf6 2. c4 c5 3. d5 b5 4. e3 Qa5+ 5. Bd2 b4 6. f3 g6 7. Bd3 Bg7 8. Qc1 d6
9. Ne2 Nbd7 10. O-O Ba6 11. f4 Nxd5 12. Be4 N7b6 13. Re1 Bxc4 14. Na3 Bxe2 15.
Rxe2 Qa6 16. Nc4 Rc8 17. Bd3 Qb7 18. Na5 Qd7 19. e4 Nc7 20. f5 O-O 21. Rb1 Nb5
22. Bh6 Nd4 23. Rf2 d5 24. e5 Bxe5 25. Bxf8 c4 26. fxg6 Rxf8 27. gxf7+ Rxf7 28.
Qg5+ Bg7 29. Bxh7+ Kf8 30. Rxf7+ Kxf7 31. Qg6+ 1-0

[Event "Quebec-ch Senior"]
[Site "Montreal CAN"]
[Date "2014.02.08"]
[Round "3"]
[White "Pietka, Krystyn"]
[Black "Lafleche, Alain"]
[Result "0-1"]
[WhiteElo "1190"]
[BlackElo "1793"]
[PlyCount "78"]
[EventDate "2014.02.07"]
[EventType "swiss"]
[EventRounds "5"]
[EventCountry "CAN"]

1. c4 e5 2. Nc3 Nf6 3. g3 Bc5 4. h3 d5 5. cxd5 Nxd5 6. Qc2 Be6 7. a3 Nc6 8. e3
O-O 9. Bg2 Bb6 10. Nxd5 Bxd5 11. Bxd5 Qxd5 12. f3 f5 13. d3 Rad8 14. Qc4 Qxc4
15. dxc4 Rd3 16. Ke2 Rfd8 17. b4 a5 18. c5 Ba7 19. Ra2 a4 20. Rd2 e4 21. f4 b6
22. b5 Na5 23. Rxd3 Rxd3 24. Kf2 Rd1 25. Ne2 Rxh1 26. c6 Nc4 27. Ng1 Rh2+ 28.
Ke1 Ra2 29. Ne2 Nxa3 30. Nc3 Rc2 31. Bd2 Nc4 32. Nb1 Nxd2 33. Nxd2 a3 34. Kd1
Rxd2+ 35. Kxd2 a2 36. g4 a1=Q 37. g5 Qb2+ 38. Ke1 g6 39. h4 Kf7 0-1

[Event "Quebec-ch Senior"]
[Site "Montreal CAN"]
[Date "2014.02.08"]
[Round "3"]
[White "Plouffe, Michel"]
[Black "Dubreuil, Raymond"]
[Result "0-1"]
[WhiteElo "1010"]
[BlackElo "1492"]
[PlyCount "68"]
[EventDate "2014.02.07"]
[EventType "swiss"]
[EventRounds "5"]
[EventCountry "CAN"]

1. d4 Nf6 2. Nf3 g6 3. Bf4 d5 4. Nbd2 Bg7 5. e3 a6 6. c4 O-O 7. cxd5 Nxd5 8.
Ne4 Nxf4 9. exf4 Bg4 10. Be2 Qd5 11. Nc3 Qd6 12. g3 Nc6 13. Ne4 Qb4+ 14. Qd2
Bxf3 15. Bxf3 Qxd4 16. Qxd4 Nxd4 17. Bd1 b6 18. O-O Nb5 19. a4 Bxb2 20. Rb1 Nc3
21. Nxc3 Bxc3 22. Rc1 Bb4 23. Rxc7 b5 24. axb5 axb5 25. Rb7 Rab8 26. Rd7 Bd6
27. Bb3 Rfd8 28. Ra7 Rdc8 29. Rd1 Rc7 30. Rxc7 Bxc7 31. Rd7 Bd6 32. Ra7 b4 33.
h4 h5 34. f3 Bc5+ 0-1

[Event "Quebec-ch Senior"]
[Site "Montreal CAN"]
[Date "2014.02.08"]
[Round "3"]
[White "Prahov, Valentin"]
[Black "Gilbert, Erick"]
[Result "1-0"]
[WhiteElo "2237"]
[BlackElo "1907"]
[PlyCount "53"]
[EventDate "2014.02.07"]
[EventType "swiss"]
[EventRounds "5"]
[EventCountry "CAN"]

1. e4 g6 2. d4 Bg7 3. Nc3 d6 4. Nf3 c6 5. a4 b6 6. Be2 Nf6 7. O-O O-O 8. h3 Ba6
9. Be3 Re8 10. Bxa6 Nxa6 11. Qd2 Nd7 12. Rad1 Rc8 13. Bh6 Nf8 14. h4 Nc7 15. h5
Nd7 16. g3 Nf6 17. hxg6 fxg6 18. Kg2 Rf8 19. Rh1 Nh5 20. Rh4 Ne6 21. Rdh1 Rxf3
22. Bxg7 Kxg7 23. Kxf3 Qf8+ 24. Kg2 Qf6 25. Ne2 Ng5 26. Qe3 Re8 27. Nf4 1-0